000 00525nam a2200193Ia 4500
999 _c33743
_d33743
003 OSt
005 20200914114659.0
008 190216s9999||||xx |||||||||||||| ||und||
020 _a8122404685
040 _coclc
082 _a537
_bSAR/E
100 _aSarwate, V V
_94569
245 0 _aElectromagnetic Fields And Waves /
_cV V Sarwate
250 _a1st Ed.
260 _bWiley Eastern Ltd,
_c1993.
_aNew Delhi:
300 _a457p
650 _aPhysics
942 _cBK
_2ddc
_h537
_iSAR/E
_k537
_mSAR/E